Entourage de Luffy dans One Piece - Statistiques

Statistiques générales
  • Ce quiz a été pris 118 fois
    115 depuis la dernière actualisation
  • Le résultat moyen est 24 sur 36
Statistiques - réponses
Lien avec Luffy Personnage % Correct
Membre de son équipage Roronoa Zoro
99%
Membre de son équipage Nami
98%
Membre de son équipage Vinsmoke Sanji
97%
Membre de son équipage Franky
96%
Membre de son équipage Nico Robin
96%
Membre de son équipage Tony Tony Chopper
96%
Membre de son équipage Brook
95%
Frère Portgas D.Ace
95%
Grand-père Monkey D.Garp
94%
Membre de son équipage Usopp
94%
Père Monkey D.Dragon
93%
Membre de son équipage Jinbe
90%
Frère Sabo
90%
Femme amoureuse de lui Boa Hancock
88%
Mentor Shanks
86%
Membre honoraire de son équipage Nefertari Vivi
80%
Maître Silvers Rayleigh
77%
Capitaine d'une de ses flottes Bartolomeo
72%
Allié (et ami?) Trafalgar D.Waterlaw
68%
Capitaine d'une de ses flottes Cavendish
62%
Ami proche Koby
60%
Capitaine d'une de ses flottes Hajrudin
49%
Amie d'enfance Uta
49%
Capitaine d'une de ses flottes Leo
47%
Amie Yamato
44%
Bon ami Bonclay
38%
Capitaine d'une de ses flottes Ideo
38%
Amie Rebecca
35%
Capitaine d'une de ses flottes Sai
35%
Petite soeur d'adoption O-Tama
34%
Bonne amie Shirahoshi
34%
Capitaine d'une de ses flottes Orlumbus
33%
Membre honoraire de son équipage Jewelry Bonney
32%
Compagnon de voyage et amie Carrot
30%
Mère adoptive Curly Dadan
28%
Membre honoraire de son équipage Lilith
14%
Aucun quiz correspondant
Distribution des résultats
% des personnes avec chaque résultat
Percentile par nombre de réponses
Votre historique - résultats
Vous n’avez pas pris ce quiz depuis la dernière actualisation